| 000 | 00755nas a2200241 4500 | ||
|---|---|---|---|
| 005 | 20180604164158.0 | ||
| 008 | 180604b xxu||||| |||| 00| 0 spa d | ||
| 022 | _a16593383 | ||
| 082 | _aInvestiga.TEC Mes enero, N° 31, 2018 | ||
| 100 |
_aChaves Castillo, Andrea _947509 |
||
| 245 | _a¿Que entendemos en Costa Rica por ciudad y vivienda? | ||
| 260 | _aCosta Rica | ||
| 260 | _bTecnológica de Costa Rica | ||
| 260 | _c2018 | ||
| 300 | _a18-23 | ||
| 440 |
_aInvestiga.TEC _n31 _vEnero _947510 |
||
| 650 |
_aCOSTA RICA _947511 |
||
| 650 |
_aCIUDAD _91092 |
||
| 650 |
_aVIVIENDA _947512 |
||
| 650 |
_aURBANISMO _91094 |
||
| 942 | _cREV | ||
| 773 | 0 |
_09516 _931435 _a _b _dCosta Rica Tecnológica de Costa Rica 2017 _oIT1831 _tInvestiga. TEC _w _x16593383 _z |
|
| 999 |
_c10731 _d10731 |
||